Funebris oratio in Illustriss. et Reverendiss. S. R. E. Cardinalem Gulielmum Sirletum: Habita vaz motta Lusitano I. U. D. In aede D. Laurenti in Pane et Perna. Ad Illustriss. et Reverendiss. Vincentium Laureum Card. Montis Regalis

Detalles Bibliográficos
Autor principal: Vaz Motta, Juan
Formato: Libro
Lenguaje:Undetermined
Latin
Publicado: Romae : apud Joannem Osmarinum Giliatum, 1585.
Materias:
Colección:Banco de datos
Acervo:Biblioteca Palafoxiana. Colección bibliográfica
Descripción Física:7 h. ; 4°
Tema general:Homilética
Notas:Número de localización: 15983-G
LEADER 00740nam a2200181Ia 4500
008 150723s9999 xx 000 0 und d
041 0 |a lat 
050 0 |a PAFX K623 R5 
100 1 |a Vaz Motta, Juan 
245 1 0 |a Funebris oratio in Illustriss. et Reverendiss. S. R. E. Cardinalem Gulielmum Sirletum: Habita vaz motta Lusitano I. U. D. In aede D. Laurenti in Pane et Perna. Ad Illustriss. et Reverendiss. Vincentium Laureum Card. Montis Regalis 
260 |a Romae : apud Joannem Osmarinum Giliatum, 1585. 
300 |a 7 h. ; 4° 
500 |a Número de localización: 15983-G 
501 |a Encuadernado con 17 obras 
650 1 0 |a Homilética 
942 |c PALALIB 
943 |g Biblioteca Palafoxiana. Colección bibliográfica 
999 |c 1054593  |d 1054593